Fife offers new-build protection (Record no. 66094)

MARC details
000 -LEADER
fixed length control field 00721cam a2200181 4500
001 - CONTROL NUMBER
control field WB3707-18
008 - FIXED-LENGTH DATA ELEMENTS--GENERAL INFORMATION
fixed length control field 000000n2001 000 0 eng u
035 ## - SYSTEM CONTROL NUMBER
System control number (Sirsi) u110874
245 ## - TITLE STATEMENT
Title Fife offers new-build protection
260 ## - PUBLICATION, DISTRIBUTION, ETC.
Date of publication, distribution, etc. 2001
490 ## - SERIES STATEMENT
Series statement Scotsman
Volume/sequential designation 9 February 2001, 2(2)
520 ## - SUMMARY, ETC.
Summary, etc. Describes how Fife Council are seeking to help buyers of new houses by lobbying the Office of Fair Trading to make house buying fairer for the purchaser. The council has produced an information pack for prospective buyers of new-build homes.
590 ## - LOCAL NOTE (RLIN)
Local note WB
650 ## - SUBJECT ADDED ENTRY--TOPICAL TERM
Topical term or geographic name entry element NEW BUILD
650 ## - SUBJECT ADDED ENTRY--TOPICAL TERM
Topical term or geographic name entry element PROPERTY-RESIDENTIAL PROPERTY-ACQUISITION AND DISPOSAL OF RESIDENTIAL PROPERTY
690 ## - LOCAL SUBJECT ADDED ENTRY--TOPICAL TERM (OCLC, RLIN)
Topical term or geographic name as entry element HOUSING
942 ## - ADDED ENTRY ELEMENTS (KOHA)
Suppress in OPAC 0
Holdings
Withdrawn status Lost status Source of classification or shelving scheme Damaged status Not for loan Home library Current library Shelving location Date acquired Total Checkouts Full call number Barcode Date last seen Copy number Price effective from Koha item type
    Dewey Decimal Classification     London London News article 13/02/2001   WB3707-18 110874-1001 06/08/2019 1 06/08/2019 News article